Lecturas de metodología de las ciencias sociales. Texto de apoyo a los estudiantes /

Збережено в:
Бібліографічні деталі
Автор: Bengoechea, Sonia
Співавтор: Instituto de Investigaciones Politicas y Sociales. Escuela de Ciencia Política. Universidad de San Carlos de Guatemala
Інші автори: Cortés, Fernando Zemelman, Hugo Luengo, Enrique Marcos, Patricio Eisner, Elliot W. Friedrich, Walter Vetter, Berndt Tecla J., Alfredo de Schutter, Antón Aceves Lozano, Jorge E. Giglia, Angela Pensado Leglise, Patricia Camare
Формат: Текст
Опубліковано: s.l.: Foto publicaciones
Предмети:
Теги: Додати тег
Немає тегів, Будьте першим, хто поставить тег для цього запису!

MARC

LEADER 00000 a a2200000 04500
001 31616
003
040
090 |a 199100  
100 |a Bengoechea, Sonia  
110 |a Instituto de Investigaciones Politicas y Sociales. Escuela de Ciencia Política. Universidad de San Carlos de Guatemala  
245 |a Lecturas de metodología de las ciencias sociales. Texto de apoyo a los estudiantes /  |c Sonia Bengoechea  
260 |a s.l.:   |b Foto publicaciones  
300 |a 250 p.  
500 |a Seleccion de lecturas preparadas para apoyar el postgrado en investigación social  
650 |a INVESTIGACION SOCIAL  
650 |a CIENCIAS SOCIALES  
650 |a METODOS DE INVESTIGACION  
650 |a METODOLOGIA  
650 |a DISEÑO  
700 |a Cortés, Fernando   |a Zemelman, Hugo   |a Luengo, Enrique   |a Marcos, Patricio   |a Eisner, Elliot W.   |a Friedrich, Walter   |a Vetter, Berndt   |a Tecla J., Alfredo   |a de Schutter, Antón   |a Aceves Lozano, Jorge E.   |a Giglia, Angela   |a Pensado Leglise, Patricia   |a Camare  
999 |c 6383  |d 6383